000 00678nam a2200193 i 4500
001 54264
003 ES-MaACL
005 20250721144333.0
007 t|
008 960717s1878 fr |||| | spa d
100 1 _aFlammarion, Camille,
_d1842-1925
_951110
245 1 4 _aLas tierras del cielo
_b: astronomía popular ... /
_cpor Camilo Flammarion; versión española por José Segundo Flórez.
260 _aParís ;
_aMéxico :
_bLibrería de Ch. Bouret,
_c1878 (
_fImp. de E. Martinet)
300 _a555 p. ;
_c19 cm.
650 7 _aAstronomía
_2embne
_910386
700 1 _aFlórez, José Segundo.
_951306
852 _aES-MaACL
_jG-10714
999 _c54264
_d54264